[Event "10th LCC FIDE Open 2018"]
[Site "London"]
[Date "2018.12.15"]
[Round "8"]
[White "McDonald, Neil"]
[Black "Hector, Jonny"]
[Result "1-0"]
[WhiteElo "2403"]
[BlackElo "2501"]
[Annotator "TA"]
[PlyCount "105"]
[EventDate "2018.12.09"]
[EventType "swiss"]
[EventCountry "ENG"]
[SourceTitle "playchess.com"]
[Source "ChessBase"]
[SourceQuality "1"]

{[%evp 21,105,34,50,20,34,34,44,48,47,0,0,0,0,-36,-59,-29,-20,-49,0,0,0,0,0,0,0,0,0,0,0,0,0,0,0,0,0,0,0,-10,0,0,0,-16,0,0,10,0,0,0,0,0,0,0,0,0,0,0,0,7,77,72,89,81,64,71,67,0,108,105,208,218,231,238,219,218,204,105,98,93,197,165,468,453,722,652,29965,29955]} 1. e4 e5 2. Nf3 Nc6 3. Bb5 a6 4. Ba4 d6 5. c3 f5 6. exf5 Bxf5 7. O-O Bd3 8. Re1 Be7 9. Bc2 Bxc2 10. Qxc2 Nf6 11. d4 O-O {LiveBook: 15 Games} 12. Bg5 $146 {[%cal Rd4e5] C74: Ruy Lopez: Deferred Steinitz: 5 c3 f5} ({Predecessor:} 12. Be3 exd4 13. cxd4 d5 14. Nc3 Bb4 15. Rad1 Qd6 16. Ne5 Rae8 17. Nxc6 Qxc6 18. f3 Bxc3 19. bxc3 Nd7 {1-0 (63) Grandelius,N (2556)-Hector,J (2512) Malmo 2013}) 12... e4 13. Bxf6 exf3 14. Bxe7 {White is slightly better.} Nxe7 15. g3 Nd5 16. Nd2 Qg5 17. Kh1 Rf5 18. Qe4 Raf8 19. Rad1 Nf6 20. Qe6+ $1 Kh8 {Strongly threatening ...Ng4.} 21. Ne4 $1 {[%cal Re4g5]} Qh5 {( -> ...Qh3)} 22. Nxf6 Qh3 {[%csl Gf3][%cal Rh3g2]} ({Of course not} 22... R8xf6 23. Qd7 $16) 23. Rg1 R8xf6 24. Qe8+ Rf8 25. Qe6 g6 26. Rde1 Qh6 {Threatens to win with ...Rh5.} 27. g4 $1 {[%cal Rg4f5]} R5f7 28. Re3 Qg5 29. d5 Rf6 30. Qe4 Rf4 31. Qe6 (31. Qe7 $5 {[%cal Re7g5]} Qxd5 32. Qxc7 $11) 31... h6 32. b3 b5 33. a3 a5 34. Rg3 Kg7 35. h3 R8f7 36. Kh2 h5 37. gxh5 Qxh5 38. Re1 R4f6 39. Qe4 Qf5 (39... Rf4 $11 40. Qd3 Qf5 41. Qxb5 Qc2) 40. Qd4 Kf8 41. Rg4 Re7 42. Rxe7 Kxe7 $14 {[%mdl 4096] Endgame KQR-KQR} 43. Re4+ ({Better is} 43. c4 $14) 43... Kd7 {[#]} (43... Kd8 $11) 44. a4 $1 $40 {[%cal Ba3a4,Ba4b5,Bb5b6,Bb6b7][%mdl 160] White is out for blood.} Qg5 (44... Rf7 $16) 45. Rg4 $18 Qe5+ 46. Qxe5 dxe5 47. axb5 {KR-KR} Kd6 48. Rc4 ({White should try} 48. c4 $18) 48... Rf7 $16 49. Ra4 Kxd5 (49... g5 $16 {might work better.}) 50. Rxa5 $18 Ke4 $2 {[#]} (50... e4 {is a better chance.}) 51. Ra7 $1 Kd3 {[#]} (51... Rf6 $142 52. Rxc7 Kd3) 52. b6 $1 {[%cal Rb6b7][%mdl 512] aiming for b7.} e4 (52... cxb6 53. Rxf7) 53. b7 {Accuracy: White = 70%, Black = 40%.} 1-0

[Event "10th LCC FIDE Open 2018"]
[Site "London"]
[Date "2018.12.15"]
[Round "8"]
[White "Cherniaev, Alexander"]
[Black "Hillarp Persson, Tiger"]
[Result "0-1"]
[WhiteElo "2393"]
[BlackElo "2546"]
[Annotator "TA"]
[PlyCount "133"]
[EventDate "2018.12.09"]
[EventType "swiss"]
[EventCountry "ENG"]
[SourceTitle "playchess.com"]
[Source "ChessBase"]
[SourceQuality "1"]

{[%evp 10,133,52,32,28,25,29,12,38,35,37,25,24,22,19,16,32,15,25,16,31,-10,-5,-9,0,-12,-17,-19,0,0,0,-14,-19,-13,-25,-10,0,0,0,0,0,0,0,-28,0,0,0,-29,-22,-28,-20,-75,-73,-76,-76,-75,-69,-77,-72,-81,-79,-86,-86,-86,-85,-88,-82,-85,-85,-85,-73,-77,-83,-85,-86,-82,-32,-79,-55,-55,-55,-97,-97,-96,-47,-64,-55,-55,-55,-64,-52,-55,-58,-208,-218,-180,-54,-46,-46,-46,-44,-47,-44,-44,-47,-47,-47,-47,-45,-44,-45,-52,-52,-77,-100,-99,-85,-84,-83,-402,-345,-29971,-29970,-29969,-29966,-29984]} 1. e4 g6 2. d4 Bg7 3. Nc3 d6 4. Be3 a6 5. a4 b6 6. h3 {LiveBook: 11 Games. B06: Modern Defence} (6. Qd2 Bb7 7. h4 Nf6 8. f3 Nc6 9. g4 h6 10. Nge2 e6 11. Bh3 Qe7 12. g5 hxg5 13. Bxg5 Qd7 14. O-O-O {1-0 (28) Naiditsch,A (2697)-Shoker,S (2475) Brest 2018}) 6... e6 7. g3 $146 ({Predecessor:} 7. g4 Bb7 8. Bg2 Nd7 9. Nge2 Ne7 10. O-O O-O 11. Ng3 f5 12. Qd2 e5 13. f4 fxg4 14. dxe5 dxe5 {1-0 (44) Rozycki,B (2174)-Choroszej,A (1937) Warsaw 2016}) 7... Ne7 8. Bg2 {White has an edge.} Bb7 9. Nge2 Nd7 10. O-O d5 11. Qd2 dxe4 12. Nxe4 Rb8 13. Bh6 Bxh6 14. Qxh6 Nf5 15. Qg5 (15. Qf4 {looks sharper.} O-O 16. Rad1 Bxe4 17. Qxe4 Nf6 18. Qe5) 15... Qxg5 16. Nxg5 c5 17. Rfd1 Nf6 18. a5 $1 cxd4 19. Nxd4 O-O 20. Bxb7 Rxb7 21. Ngf3 Rc8 22. Ne1 Nxd4 23. Rxd4 bxa5 24. b3 Rc5 25. Rd6 Ra7 26. Rd4 Rb7 27. Rd6 Ra7 28. Rd4 Rd7 29. Rxd7 Nxd7 $11 {[%mdl 4096] Endgame KRN-KRN} 30. c4 (30. Kf1 $11 {keeps the balance.}) 30... Rc6 $17 31. Rxa5 Nc5 $1 32. b4 Nb7 {[%mdl 64] Discovered Attack} 33. Ra1 Rxc4 34. Rxa6 Rxb4 35. Ra8+ Kg7 36. Rb8 Rb3 37. Nd3 Nc5 38. Rxb3 Nxb3 {KN-KN} 39. f4 h6 40. Kf2 Nd4 41. Ke3 Nf5+ 42. Kf3 g5 43. Ne5 f6 44. Nc6 Kf7 45. Nb4 Ne7 46. Nd3 gxf4 47. Nxf4 Ng6 {...Nxf4 is the strong threat.} 48. Nh5 Nf8 49. Nf4 Nh7 50. Kg4 Ng5 51. Kh4 {[#]} (51. Nd3 $15) 51... e5 $1 $19 {[%cal Re5f4]} 52. Nd3 {[#]} Kg6 (52... Ke6 $1 $19 53. g4 Kd5) 53. g4 $1 $15 Ne4 54. Nb4 Nd6 55. Nd3 Ne8 56. Nc5 Ng7 57. Kg3 Kf7 58. Ne4 Ke6 59. Kf3 Ne8 60. Ng3 Nd6 61. Nh5 f5 62. gxf5+ Kxf5 63. Ng3+ Kg5 64. Nh1 $2 {[%mdl 8192]} (64. Ne2 $17 {is a better chance.}) 64... e4+ $19 65. Kg2 $2 (65. Ke3 $19) 65... Nf5 66. Nf2 Kf4 67. Ng4 {Accuracy: White = 51%, Black = 63%.} 0-1

[Event "10th LCC FIDE Open 2018"]
[Site "London"]
[Date "2018.12.15"]
[Round "8"]
[White "Mirzoyan, Davit T."]
[Black "Stoyanov, Viktor"]
[Result "1-0"]
[WhiteElo "2382"]
[BlackElo "2205"]
[Annotator "NA"]
[PlyCount "103"]
[EventDate "2018.12.09"]
[EventType "swiss"]
[EventCountry "ENG"]
[SourceTitle "playchess.com"]
[Source "ChessBase"]
[SourceQuality "1"]
[TimeControl "40/5400+30:1800+30"]

1. d4 {[%emt 0:00:00]} d5 {[%emt 0:01:57]} 2. c4 {[%emt 0:02:06]} c6 {[%emt 0:00:35]} 3. Nf3 {[%emt 0:00:09]} Nf6 {[%emt 0:00:15]} 4. Nc3 {[%emt 0:00:19]} e6 {[%emt 0:00:13]} 5. Bg5 {[%emt 0:02:03]} Nbd7 {[%emt 0:00:33]} 6. e3 {[%emt 0:03:54]} h6 {[%emt 0:00:43]} 7. Bh4 {[%emt 0:02:15]} Be7 {[%emt 0:00:10]} 8. Rc1 {[%emt 0:04:02]} O-O {[%emt 0:00:22]} 9. Bd3 {[%emt 0:00:40]} Re8 {[%emt 0:01:09]} 10. O-O {[%emt 0:00:26]} a6 {[%emt 0:06:16]} 11. Bg3 {[%emt 0:07:19]} Nf8 {[%emt 0:10:58]} 12. Qe2 {[%emt 0:11:46]} Nh5 {[%emt 0:04:33]} 13. Be5 {[%emt 0:05:22]} dxc4 {[%emt 0:03:51]} 14. Bxc4 {[%emt 0:00:23]} Ng6 {[%emt 0:00:11]} 15. Rfd1 {[%emt 0:01:54]} Nf6 {[%emt 0:01:50]} 16. Bg3 {[%emt 0:02:22]} Qa5 {[%emt 0:02:48]} 17. Bd3 {[%emt 0:01:25]} Nf8 {[%emt 0:01:26]} 18. Ne5 {[%emt 0:07:29]} N8d7 {[%emt 0:02:10]} 19. Nc4 {[%emt 0:00:22]} Qd8 {[%emt 0:00:57]} 20. a4 {[%emt 0:05:56]} Nb6 {[%emt 0:01:08]} 21. e4 {[%emt 0:09:10]} Nxc4 {[%emt 0:06:23]} 22. Bxc4 {[%emt 0:00:01]} Qa5 {[%emt 0:03:05]} 23. Bf4 {[%emt 0:02:42]} Bf8 {[%emt 0:03:24]} 24. Rd3 {[%emt 0:03:39]} Qh5 {[%emt 0:03:04]} 25. Qd2 {[%emt 0:05:54]} Qa5 {[%emt 0:07:10]} 26. Re1 {[%emt 0:06:30]} b5 {[%emt 0:02:19]} 27. Bb3 {[%emt 0:00:00]} Bb7 {[%emt 0:02:45]} 28. e5 {[%emt 0:05:19]} Nd5 {[%emt 0:00:36]} 29. Bxh6 {[%emt 0:00:28]} gxh6 {[%emt 0:03:50]} 30. Nxd5 {[%emt 0:06:55]} Qxd2 {[%emt 0:00:13]} 31. Nf6+ {[%emt 0:00:01]} Kh8 {[%emt 0:00:10]} 32. Rxd2 {[%emt 0:00:05]} Bb4 {[%emt 0:02:36]} 33. Red1 {[%emt 0:00:19]} Bxd2 {[%emt 0:00:22]} 34. Nxe8 {[%emt 0:00:01]} Bb4 {[%emt 0:00:19]} 35. Nf6 {[%emt 0:00:17]} Rd8 {[%emt 0:01:25]} 36. Ne4 {[%emt 0:03:43]} Kh7 {[%emt 0:01:26]} 37. Nc5 {[%emt 0:01:25]} Bxc5 {[%emt 0:03:57]} 38. dxc5 {[%emt 0:00:02]} Rxd1+ {[%emt 0:00:10]} 39. Bxd1 {[%emt 0:00:05]} Kg6 {[%emt 0:00:06]} 40. Bc2+ {[%emt 0:00:09]} Kg5 {[%emt 0:00:06]} 41. g3 {[%emt 0:30:07]} f5 {[%emt 0:31:37]} 42. h4+ {[%emt 0:01:18]} Kg6 {[%emt 0:00:04]} 43. Kg2 {[%emt 0:00:35]} a5 {[%emt 0:00:27]} 44. g4 {[%emt 0:00:00]} Bc8 {[%emt 0:00:00]} 45. Kg3 {[%emt 0:00:00]} b4 {[%emt 0:00:00]} 46. Kf4 {[%emt 0:00:00]} h5 {[%emt 0:00:00]} 47. f3 {[%emt 0:00:00]} Bd7 {[%emt 0:00:00]} 48. gxf5+ {[%emt 0:00:00]} exf5 {[%emt 0:00:00]} 49. Bb3 {[%emt 0:00:00]} Bc8 {[%emt 0:00:00]} 50. Bc4 {[%emt 0:00:00]} Bd7 {[%emt 0:00:00]} 51. e6 {[%emt 0:00:00]} Bc8 {[%emt 0:00:00]} 52. Ke5 {[%emt 0:00:00]} 1-0

[Event "10th LCC FIDE Open 2018"]
[Site "London"]
[Date "2018.12.15"]
[Round "8"]
[White "Gschnitzer, Adrian"]
[Black "Villiers, Thomas"]
[Result "0-1"]
[WhiteElo "2374"]
[BlackElo "2205"]
[Annotator "NA"]
[PlyCount "64"]
[EventDate "2018.12.09"]
[EventType "swiss"]
[EventCountry "ENG"]
[SourceTitle "playchess.com"]
[Source "ChessBase"]
[SourceQuality "1"]
[TimeControl "40/5400+30:1800+30"]

1. e4 {[%emt 0:00:00]} e6 {[%emt 0:00:00]} 2. d4 {[%emt 0:00:00]} d5 {[%emt 0:00:00]} 3. Nd2 {[%emt 0:00:00]} dxe4 {[%emt 0:00:00]} 4. Nxe4 {[%emt 0:00:00]} Nd7 {[%emt 0:00:01]} 5. g3 {[%emt 0:00:28]} Ngf6 {[%emt 0:00:28]} 6. Nxf6+ {[%emt 0:00:25]} Nxf6 {[%emt 0:01:07]} 7. Bg2 {[%emt 0:00:07]} Be7 {[%emt 0:00:39]} 8. Nf3 {[%emt 0:00:39]} O-O {[%emt 0:00:23]} 9. O-O {[%emt 0:00:13]} c5 {[%emt 0:01:29]} 10. b3 {[%emt 0:03:05]} cxd4 {[%emt 0:01:31]} 11. Nxd4 {[%emt 0:02:40]} e5 {[%emt 0:01:45]} 12. Nf3 {[%emt 0:01:32]} e4 {[%emt 0:01:38]} 13. Nd4 {[%emt 0:04:43]} Bg4 {[%emt 0:03:08]} 14. Qd2 {[%emt 0:00:46]} Qd7 {[%emt 0:02:24]} 15. Bb2 {[%emt 0:10:50]} Rad8 {[%emt 0:06:38]} 16. Rfe1 {[%emt 0:03:18]} Bc5 {[%emt 0:01:15]} 17. c3 {[%emt 0:00:07]} Rfe8 {[%emt 0:03:35]} 18. Rac1 {[%emt 0:01:44]} Bb6 {[%emt 0:08:18]} 19. Re3 {[%emt 0:03:20]} Bf5 {[%emt 0:08:50]} 20. Qe1 {[%emt 0:06:27]} Ng4 {[%emt 0:05:25]} 21. Re2 {[%emt 0:01:18]} Ne5 {[%emt 0:01:05]} 22. Nxf5 {[%emt 0:02:05]} Nd3 {[%emt 0:00:35]} 23. Rd1 {[%emt 0:01:38]} Nxe1 {[%emt 0:08:13]} 24. Rxd7 {[%emt 0:01:50]} Rxd7 {[%emt 0:00:04]} 25. Rxe1 {[%emt 0:03:52]} Rd2 {[%emt 0:00:06]} 26. Rb1 {[%emt 0:00:10]} Bxf2+ {[%emt 0:00:57]} 27. Kf1 {[%emt 0:06:57]} e3 {[%emt 0:00:21]} 28. Nd4 {[%emt 0:02:45]} e2+ {[%emt 0:00:19]} 29. Nxe2 {[%emt 0:00:07]} Rexe2 {[%emt 0:01:07]} 30. Bf3 {[%emt 0:01:21]} Rxb2 {[%emt 0:00:16]} 31. Bxe2 {[%emt 0:00:45]} Rxb1+ {[%emt 0:00:04]} 32. Kxf2 {[%emt 0:00:09]} Rb2 {[%emt 0:00:02]} 0-1

[Event "10th LCC FIDE Open 2018"]
[Site "London"]
[Date "2018.12.15"]
[Round "8"]
[White "Megalios, Konstantinos"]
[Black "Debashis, Das"]
[Result "1/2-1/2"]
[WhiteElo "2365"]
[BlackElo "2544"]
[Annotator "TA"]
[PlyCount "42"]
[EventDate "2018.12.09"]
[EventType "swiss"]
[EventCountry "ENG"]
[SourceTitle "playchess.com"]
[Source "ChessBase"]
[SourceQuality "1"]

{[%evp 31,42,9,12,11,9,0,0,0,0,0,0,0,0]} 1. d4 Nf6 2. c4 e6 3. g3 d5 4. Bg2 Be7 5. Nf3 O-O 6. O-O dxc4 7. Qc2 a6 8. a4 Bd7 {[%cal Bc8d7,Bd7c6,Bc6d5][%mdl 32]} 9. Qxc4 Bc6 10. Bg5 Bd5 11. Qc2 Be4 12. Qd1 {E05: Open Catalan: 5 Nf3 Be7} (12. Qc1 h6 13. Bxf6 Bxf6 14. Nbd2 Bxf3 15. Nxf3 a5 16. Rd1 c6 17. h4 Na6 18. Qf4 Qc7 19. Qg4 Rad8 20. Rac1 Nb4 {0-1 (45) Wei,Y (2729)-So,W (2780) chess.com INT 2018}) 12... h6 13. Bxf6 Bxf6 14. Nc3 Bxf3 15. Bxf3 c6 16. e3 a5 {LiveBook: 7 Games. The position is equal.} 17. h4 Na6 18. h5 Nb4 {[#]} 19. Qb3 $146 ({Predecessor:} 19. Be4 Rc8 {½-½ (31) Mikhalevski,V (2545)-Zherebukh,Y (2595) Philadelphia 2016}) 19... Ra6 20. Rfd1 Rb6 21. Ne4 Nd5 1/2-1/2

[Event "10th LCC FIDE Open 2018"]
[Site "London"]
[Date "2018.12.15"]
[Round "8"]
[White "Wadsworth, Matthew J"]
[Black "Flear, Glenn C"]
[Result "1/2-1/2"]
[WhiteElo "2364"]
[BlackElo "2451"]
[Annotator "TA"]
[PlyCount "125"]
[EventDate "2018.12.09"]
[EventType "swiss"]
[EventCountry "ENG"]
[SourceTitle "playchess.com"]
[Source "ChessBase"]
[SourceQuality "1"]

{[%evp 15,125,31,47,23,10,0,0,0,0,0,1,-2,0,-34,0,-25,-26,-27,-20,-32,-30,-27,-27,-20,-21,-45,-20,-27,0,0,0,0,-10,-72,-11,-31,-34,-52,-36,-77,-72,-73,-73,-79,-77,-122,-71,-71,-71,-71,-71,-79,-81,-102,-97,-109,-95,-108,-96,-112,-111,-123,-121,-133,0,-110,-102,-102,-102,-102,-90,-90,-91,-91,-90,-91,-91,-106,-95,-112,-47,-66,-66,-66,-66,-66,-66,-66,-66,-66,-66,-66,-66,-66,-8,-8,-8,-54,-8,-8,-8,-8,-8,-8,-8,-8,-8,-8,-8,-8,-8,-8]} 1. g3 d5 2. Nf3 Nf6 3. Bg2 Bg4 4. c4 c6 5. Ne5 Be6 6. cxd5 Bxd5 7. Nf3 g6 {A11: English Opening: 1...c6} (7... c5 8. Nc3 Bc6 9. O-O e6 10. Qc2 Be7 11. Rd1 O-O 12. d4 cxd4 13. Nxd4 Bxg2 14. Kxg2 Nbd7 15. Bg5 {½-½ (15) Svidler,P (2765)-Karjakin,S (2760) Riadh 2017}) 8. Nc3 Bg7 {LiveBook: 13 Games} 9. Nxd5 cxd5 {White has an edge.} 10. Qb3 $146 ({Predecessor:} 10. O-O Nc6 11. b4 a6 12. a3 O-O 13. Bb2 e6 14. d3 Qe7 15. Qb3 {0-1 (58) Mogranzini,R (2415)-Epishin,V (2607) Fermo 2010}) 10... Qb6 11. Qxb6 axb6 12. d3 Nc6 13. Bd2 O-O 14. Bc3 Nd7 15. O-O (15. a3 {keeps more tension.} Ra4 16. Rc1 e6 17. O-O Rfa8 18. e3) 15... Bxc3 16. bxc3 Ra3 17. Rfc1 Rfa8 18. Rc2 e6 19. Nd2 b5 20. Nb1 R3a6 21. Rb2 b4 22. cxb4 {[%cal Bc3b4,Bb4b5][%mdl 32]} Rb6 23. b5 Nd4 24. e4 {[#]} (24. Nc3 $11) 24... dxe4 ({Much worse is} 24... Rxb5 $6 25. Rxb5 Nxb5 26. exd5 $14) (24... Nxb5 $6 25. exd5 Nd4 26. Rxb6 $11) (24... Nc5 $1 $17 {[%cal Rc5b3] And now ...Ncb3! would win.} 25. Nc3 Ra3) 25. Bxe4 Nc5 $36 {[%mdl 2048] Hoping for ...f5. White is under pressure.} 26. Nd2 $1 f5 27. Nc4 Rxb5 28. Rxb5 Nxb5 29. Bg2 Nd4 30. a4 {[#]} Rxa4 (30... Ra6 $142 $1 {...b5 is the strong threat.} 31. Ra3 Rxa4 32. Rxa4 Nxa4 33. Bxb7 Nc5) 31. Rxa4 $17 Nxa4 32. Bxb7 {[%mdl 4096] Endgame KBN-KNN} Nc5 33. Ba8 Nxd3 34. h4 e5 35. Kg2 Kg7 36. Bd5 Kf6 37. Kf1 e4 38. Kg2 Ne2 39. Ne3 Nd4 ({Black should play} 39... f4 $17 40. Nc4 f3+ 41. Kf1 Nc3) 40. Kf1 (40. Nc4 $11) 40... h6 41. Nc4 Nb4 42. Bb7 h5 43. Bc8 Nd3 44. Bb7 Nf3 45. Bd5 Nb4 46. Bb7 Ne5 (46... Ke7 {seems wilder.} 47. Ke2 Ke6 48. Ba8 Ne5 49. Nd2 Nc2) 47. Ne3 Ng4 (47... Ke6 $17 48. Ng2 Kd6) 48. Nxg4+ hxg4 $15 {KB-KN} 49. Bc8 Ke5 50. Bd7 Nd5 51. Be8 Kf6 52. Bc6 Nb4 53. Be8 Nd3 54. Ke2 f4 (54... Kg7 $15) 55. Bd7 $11 Ne5 56. Bc8 f3+ 57. Ke3 {The position is equal.} Nc4+ 58. Kxe4 Nd6+ 59. Kf4 Nxc8 60. Kxg4 Nd6 61. Kxf3 Kf5 62. g4+ Ke5 63. h5 {Precision: White = 54%, Black = 51%.} 1/2-1/2

[Event "10th LCC FIDE Open 2018"]
[Site "London"]
[Date "2018.12.15"]
[Round "8"]
[White "Mihajlov, Sebastian"]
[Black "Sumit, Kumar"]
[Result "1-0"]
[WhiteElo "2358"]
[BlackElo "2179"]
[Annotator "NA"]
[PlyCount "53"]
[EventDate "2018.12.09"]
[EventType "swiss"]
[EventCountry "ENG"]
[SourceTitle "playchess.com"]
[Source "ChessBase"]
[SourceQuality "1"]
[TimeControl "40/5400+30:1800+30"]

1. d4 {[%emt 0:10:00]} Nf6 {[%emt 0:00:00]} 2. c4 {[%emt 0:00:08]} e6 {[%emt 0:00:00]} 3. Nf3 {[%emt 0:00:18]} b6 {[%emt 0:00:06]} 4. a3 {[%emt 0:00:07]} Ba6 {[%emt 0:00:12]} 5. Qc2 {[%emt 0:00:19]} Bb7 {[%emt 0:00:06]} 6. Nc3 {[%emt 0:00:08]} c5 {[%emt 0:00:07]} 7. e4 {[%emt 0:00:09]} cxd4 {[%emt 0:00:07]} 8. Nxd4 {[%emt 0:00:04]} Bc5 {[%emt 0:00:06]} 9. Nb3 {[%emt 0:00:50]} Nc6 {[%emt 0:00:30]} 10. Nxc5 {[%emt 0:00:33]} bxc5 {[%emt 0:00:07]} 11. Bd3 {[%emt 0:00:14]} O-O {[%emt 0:05:50]} 12. O-O {[%emt 0:01:25]} d6 {[%emt 0:00:28]} 13. Rb1 {[%emt 0:04:49]} Rc8 {[%emt 0:08:12]} 14. f3 {[%emt 0:05:16]} Qe7 {[%emt 0:02:49]} 15. Qf2 {[%emt 0:01:13]} Nd7 {[%emt 0:10:32]} 16. Be3 {[%emt 0:01:43]} Nce5 {[%emt 0:06:17]} 17. Be2 {[%emt 0:00:10]} Nb6 {[%emt 0:04:12]} 18. b3 {[%emt 0:00:46]} f5 {[%emt 0:00:45]} 19. exf5 {[%emt 0:01:53]} d5 {[%emt 0:01:36]} 20. f6 {[%emt 0:01:54]} gxf6 {[%emt 0:06:56]} 21. Bh6 {[%emt 0:04:25]} Rfd8 {[%emt 0:01:33]} 22. f4 {[%emt 0:01:54]} Ng6 {[%emt 0:02:33]} 23. Rbe1 {[%emt 0:16:02]} d4 {[%emt 0:01:50]} 24. Bg4 {[%emt 0:00:41]} Rd6 {[%emt 0:01:41]} 25. Nb5 {[%emt 0:00:21]} Re8 {[%emt 0:02:37]} 26. f5 {[%emt 0:00:40]} Ne5 {[%emt 0:00:08]} 27. Rxe5 {[%emt 0:00:05]} 1-0

[Event "10th LCC FIDE Open 2018"]
[Site "London"]
[Date "2018.12.15"]
[Round "8"]
[White "Lyell, Mark"]
[Black "Ogunshola, Ben"]
[Result "1/2-1/2"]
[WhiteElo "2317"]
[BlackElo "2172"]
[Annotator "ChessBase"]
[PlyCount "116"]
[EventDate "2018.12.09"]
[EventType "swiss"]
[EventCountry "ENG"]
[SourceTitle "playchess.com"]
[Source "ChessBase"]
[SourceQuality "1"]
[TimeControl "40/5400+30:1800+30"]

1. e4 {[%emt 0:00:00]} d6 {[%emt 0:04:29]} 2. Nc3 {[%emt 0:00:00]} Nf6 {[%emt 0:00:51]} 3. f4 {[%emt 0:00:19]} g6 {[%emt 0:00:25]} 4. Nf3 {[%emt 0:00:35]} Bg7 {[%emt 0:00:20]} 5. Bc4 {[%emt 0:00:16]} Nxe4 {[%emt 0:03:30]} 6. Bxf7+ {[%emt 0:01:53]} Kxf7 {[%emt 0:00:02]} 7. Nxe4 {[%emt 0:00:30]} Rf8 {[%emt 0:01:03]} 8. c3 {[%emt 0:00:33]} Kg8 {[%emt 0:03:17]} 9. d4 {[%emt 0:01:59]} e6 {[%emt 0:04:24]} 10. Qb3 {[%emt 0:03:22]} Qe8 {[%emt 0:05:16]} 11. O-O {[%emt 0:02:47]} h6 {[%emt 0:01:16]} 12. Bd2 {[%emt 0:01:30]} Nd7 {[%emt 0:02:18]} 13. Rae1 {[%emt 0:01:01]} Nf6 {[%emt 0:02:08]} 14. Nxf6+ {[%emt 0:04:13]} Rxf6 {[%emt 0:00:19]} 15. d5 {[%emt 0:03:54]} Qf7 {[%emt 0:02:24]} 16. c4 {[%emt 0:11:23]} exd5 {[%emt 0:06:09]} 17. cxd5 {[%emt 0:00:11]} c5 {[%emt 0:00:26]} 18. h3 {[%emt 0:23:27]} b6 {[%emt 0:01:59]} 19. Bc3 {[%emt 0:05:37]} Rxf4 {[%emt 0:02:21]} 20. Bxg7 {[%emt 0:00:33]} Kxg7 {[%emt 0:00:56]} 21. Qc3+ {[%emt 0:03:11]} Kg8 {[%emt 0:17:29]} 22. g3 {[%emt 0:06:25]} Rf5 {[%emt 0:04:48]} 23. Nh4 {[%emt 0:07:50]} Rxf1+ {[%emt 0:09:56]} 24. Rxf1 {[%emt 0:00:08]} Qxd5 {[%emt 0:00:19]} 25. Nxg6 {[%emt 0:08:23]} Qd4+ {[%emt 0:00:20]} 26. Qxd4 {[%emt 0:00:09]} cxd4 {[%emt 0:00:03]} 27. Rf6 {[%emt 0:00:47]} Ba6 {[%emt 0:08:56]} 28. Rxd6 {[%emt 0:06:11]} d3 {[%emt 0:00:12]} 29. Nf4 {[%emt 0:01:09]} Rc8 {[%emt 0:00:17]} 30. Nxd3 {[%emt 0:01:27]} Bxd3 {[%emt 0:02:35]} 31. Rxd3 {[%emt 0:00:10]} Rc2 {[%emt 0:02:01]} 32. Rb3 {[%emt 0:01:00]} Kg7 {[%emt 0:00:19]} 33. Rb5 {[%emt 0:01:57]} Kg6 {[%emt 0:00:27]} 34. g4 {[%emt 0:01:18]} Rd2 {[%emt 0:00:24]} 35. a4 {[%emt 0:00:59]} Rc2 {[%emt 0:01:42]} 36. b3 {[%emt 0:00:31]} Rd2 {[%emt 0:07:14]} 37. Kh1 {[%emt 0:01:55]} Re2 {[%emt 0:01:34]} 38. Kg1 {[%emt 0:00:41]} Rd2 {[%emt 0:00:08]} 39. b4 {[%emt 0:00:10]} Rb2 {[%emt 0:01:34]} 40. h4 {[%emt 0:00:13]} Kf6 {[%emt 0:02:49]} 41. Kf1 {[%emt 0:05:23]} Kg6 {[%emt 0:08:57]} 42. h5+ {[%emt 0:02:34]} Kf6 {[%emt 0:00:13]} 43. Rf5+ {[%emt 0:09:40]} Ke6 {[%emt 0:00:19]} 44. Rb5 {[%emt 0:02:02]} Kf6 {[%emt 0:00:10]} 45. Kg1 {[%emt 0:02:05]} Ke6 {[%emt 0:00:16]} 46. Kh1 {[%emt 0:05:11]} Kf6 {[%emt 0:00:17]} 47. a5 {[%emt 0:01:10]} bxa5 {[%emt 0:01:03]} 48. Rf5+ {[%emt 0:00:18]} Ke6 {[%emt 0:00:15]} 49. bxa5 {[%emt 0:02:07]} Rb4 {[%emt 0:00:30]} 50. Rf8 {[%emt 0:01:42]} Rxg4 {[%emt 0:01:11]} 51. Ra8 {[%emt 0:00:18]} Rh4+ {[%emt 0:07:40]} 52. Kg2 {[%emt 0:00:09]} Rxh5 {[%emt 0:00:06]} 53. Rxa7 {[%emt 0:00:06]} Kd6 {[%emt 0:00:14]} 54. Kf3 {[%emt 0:00:27]} Re5 {[%emt 0:01:42]} 55. Kf4 {[%emt 0:00:33]} Re1 {[%emt 0:00:15]} 56. Ra6+ {[%emt 0:00:57]} Kc7 {[%emt 0:00:16]} 57. Rxh6 {[%emt 0:00:18]} Kb7 {[%emt 0:00:03]} 58. Rb6+ {[%emt 0:00:34]} Ka7 {[%emt 0:00:04]} 1/2-1/2